000 02975njm a2200565 i 4500
001 196085
003 ES-MaACL
005 20250904042251.0
007 sd*fsngnnmmned
008 240209s2006 sp opn d / ita
015 _aSON06
017 _aM 48044-2006
_bOficina Depósito Legal Madrid
020 _a9788496832060
035 _a(OCoLC)431111515
035 _a(SpMaBN)a4555167
040 _aSpMaBN
_bspa
_cSpMaBN
_erdc
100 1 _aVivaldi, Antonio,
_d1678-1741
_9240556
_ecmp
240 1 0 _aTito Manlio
245 1 0 _aTito Manlio /
_cVivaldi ; libreto de Matteo Noris
_h[Grabación sonora]
260 _aMadrid :
_bPrisa Innova,
_cD.L. 2007
264 _a©2007
300 _a2 discos (CD Audio) +
_e1 libro (77 páginas)
336 _2rdacontent
_amúsica (interpretada)
337 _2rdamedia
_aaudio
338 _2rdacarrier
_avolumen
490 1 _aLos clásicos de la ópera, 400 años ;
_v13
511 1 _aSergio Foresti, Elisabeth Scholl, Nicky Kennedy, Rosa Domínguez, Lucia Sciannimanico, Thierry Grégoire, Davide Livermore, Bruno Taddia ; Modo Antiquo ; Federico Maria Sardelli, director musical.
518 _aGrabado en la Chiesa del Santissimo Crocifisso, Barga, Italia, en julio de 2003
520 _aVivaldi residió en Mantua entre 1718y 1720, ejerciendo para el gobernador imperial, príncipe Philipp de Hesse-Darmstadt, como maestro di capella di camera. Como tal, una de sus principales funciones era la de componer y producir óperas para el Teatro Archiducal. Cuatro fueron las óperas vivaldianas representadas en la ciudad; ninguna se vio rodeada de circunstancias tan extraordinarias como Tito Manlio. La historia del cónsul romano Titus Manlius Imperiosus Torquatus (Tito), tan inflexible en el ejericicio del poder que ordenó ejecutar a su propio hijo (Manlio) por haber violado la ley, la transmitió Tito Livio.
650 7 _aÓperas-
_9137584
_vLibretos
655 7 _aLibretos
_2
_9242219
700 1 _aNoris, Matteo,
_d1640-1714-
_tTito Manlio-
_lEspañol-Italiano
_9238106
_elbt
700 1 _aForesti, Sergio
_9238107
_eprf
700 1 _aScholl, Elisabeth
_9238108
_eprf
700 1 _aKennedy, Nicky
_9238109
_eprf
700 1 _aDomínguez, Rosa
_c(soprano)
_9238110
_eprf
700 1 _aSciannimanico, Lucia
_9238111
_eprf
700 1 _aGrégoire, Thierry
_9238112
_eprf
700 1 _aLivermore, Davide
_9238113
_eprf
700 1 _aTaddia, Bruno
_9238114
_eprf
700 1 _aSardelli, Federico Maria
_9238115
_emsd
710 2 _aModo Antiquo
_9238116
852 _aES-MaACL
_bR.155026
_cDEPOJ
_jN-9808
_hDonación: Miren Fernández
_xEncuadernación cartoné
_pVolumen 13
_9205620
903 _aFernández, Miren
_ednr
942 _cMONOGRAFIA
_n0
999 _c196085
_d196085